00413nam a22001337a 4500082001000000100001400010245005800024260005100082300000800133650001400141942000700155999001500162952010200177 a667.2 aBradley,W aRecent Progress in the Chemistry of dyes and pigments aLondonbThe royal institute of chemistryc1958 a94p aChemistry cBK c1941d1941 0010708NFICaICbICcGENd2015-08-24l0o667.2 BRAp000940r2022-11-17 00:00:00w2015-08-24yBK